| 000 | 00400nam a2200169Ia 4500 | ||
|---|---|---|---|
| 005 | 20250423101054.0 | ||
| 008 | 250422s9999 xx 000 0 und d | ||
| 020 | _a0-256-09360-1 | ||
| 050 | _aQA 76.9.588 .W48/ | ||
| 100 | _aJeffrey L. Whitten | ||
| 245 | 0 | _aSystem Analysis & Design Methods | |
| 250 | _aThird Edition | ||
| 260 | _aSedney | ||
| 260 | _c1986 | ||
| 300 | _a868 p | ||
| 942 | _cBK | ||
| 999 |
_c35198 _d35198 |
||